000 00240nmm a2200085Ia 4500
008 220120s9999||||xx |||||||||||||||||und||
100 _aPC QUEST
_910676
245 0 _a120+free open source software;Linux corner ,25 free security
260 _c2014
999 _c139894
_d139894